đź“–150 premiers mots "Vernon Subutex" T.1 Virginie Despentes - Statistiques

Statistiques générales
  • Ce quiz a Ă©tĂ© pris 11 fois
  • Le rĂ©sultat moyen est 72 sur 150
Statistiques - réponses
Mots % Correct
Ă 
100%
a
100%
d'
100%
D'
100%
de
100%
des
100%
et
100%
l'
100%
le
100%
Le
100%
n'
100%
elle ...
89%
est
89%
Il
89%
il
89%
la
89%
Les
89%
les
89%
s'
89%
un
89%
une
89%
c'
78%
ce
78%
en
78%
oĂą
78%
pas
78%
dans
67%
du
67%
femmes
67%
jour
67%
Mais
67%
qu'
67%
que
67%
se
67%
ses
67%
y
67%
Elles
56%
elles
56%
qui
56%
si
56%
son
56%
Vernon
56%
fait
44%
peu
44%
sur
44%
ĂŞtre
33%
rien
33%
sont
33%
comme
22%
matin
22%
six
22%
avant
11%
café
11%
envie
11%
face
11%
gros
11%
heures.
11%
manger
11%
mois
11%
pain
11%
'Parisien'
11%
quelques
11%
abonnement
0%
acheté
0%
agence
0%
agitent
0%
aimerait
0%
allocation
0%
arrivent.
0%
cigarette
0%
cigarettes
0%
commencent
0%
communication.
0%
conservé
0%
déjà
0%
déjeuner
0%
depuis
0%
Depuis
0%
doit
0%
éclairées.
0%
éventrant
0%
fenĂŞtres
0%
filtre
0%
fines
0%
griller
0%
habitude,
0%
immeuble
0%
Internet.
0%
jaune,
0%
logement.
0%
mégots
0%
ménage
0%
open
0%
ordinateur.
0%
papier.
0%
parcourant
0%
placards.
0%
prélèvement
0%
réveille
0%
roule
0%
semaines.
0%
serré,
0%
silhouettes
0%
space
0%
tirer
0%
titres
0%
tombe
0%
tranche
0%
vaste
0%
veille
0%
Aucun quiz correspondant
Distribution des résultats
% des personnes avec chaque résultat
Percentile par nombre de réponses
Votre historique - résultats
Vous n’avez pas pris ce quiz